| 000 | 01570nmm a2200433 a 4500 | ||
|---|---|---|---|
| 001 | ocm0002016478 | ||
| 003 | TR-IsHL | ||
| 005 | 20201028175516.0 | ||
| 008 | 181029s2015 tu tur | ||
| 007 | cr cn | ||
| 020 | _a9786059148221 | ||
| 035 |
_a2016478 _b(N$T) |
||
| 050 | 0 | 4 |
_aPL240 _b.K373 2015 |
| 090 | 0 | 4 |
_aPL240 _b.K373 2015 |
| 245 | 1 | 0 |
_aKardeş sesler 2015: hikaye, şiir, deneme _h[electronic resource] / _cAkif Mollaoğlu, Alper Şenadam, Binnur Karyağdı, Ebabekir Cambolat, Funda Gökçen, Güldane Berk, Mustafa Özcan Revanoğlu, Rabiye Zencirkıran, Recep Koçak, Rumeysa Atasay, Seda Nur Akyol, Sema Tanrıverdioğlu, Ersöz Süleyman, Can Numanoğlu |
| 250 | _a1. Baskı | ||
| 260 |
_aAnkara : _bBengü Yayınları, _c2015 |
||
| 300 | _a188 p. | ||
| 650 | 4 | _aDil ve Edebiyat | |
| 650 | 4 | _aLanguage and Literature | |
| 650 | 0 |
_aTürk edebiyatı _x Hikayeler |
|
| 650 | 0 | _aShort stories, Turkish | |
| 650 | 0 | _aTürk şiiri | |
| 650 | 0 | _aTurkish poetry | |
| 650 | 0 | _aTürk denemeleri | |
| 650 | 0 | _aTurkish essays | |
| 650 | 7 |
_aLITERARY COLLECTIONS / Middle Eastern _2bisacsh |
|
| 700 | 1 | _aMollaoğlu, Akif | |
| 700 | 1 | _aŞenadam, Alper | |
| 700 | 1 | _aKaryağdı, Binnur | |
| 700 | 1 | _aCambolat, Ebabekir | |
| 700 | 1 | _aGökçen, Funda | |
| 700 | 1 | _aBerk, Güldabe | |
| 700 | 1 | _aRevanoğlu, Mustafa Özcan | |
| 700 | 1 | _aZencirkıran, Rabiye | |
| 700 | 1 | _aErsöz, Süleyman | |
| 700 | 1 | _aNumanoğlu, Can | |
| 856 | 4 | 0 | _uhttp://search.ebscohost.com/login.aspx?direct=true&scope=site&db=e011xww&AN=2016478 |
| 999 |
_c18703 _d18703 |
||